000 00250nam a2200109Ia 4500
008 220204s9999 xx 000 0 und d
082 _a82-3
_bBUC
100 _aBuck, Pearl S
245 0 _aAll under heaven
260 _aLondon
_bPan
_c1977
942 _cBK
999 _c32248
_d32248